000 01319cam a2200349 a 4500
001 EDZ0000067536
003 StDuBDS
005 20161031105119.0
006 m||||||||d||||||||
007 cr |||||||||||
008 120405s2003 enk fo| 001|0|eng d
020 _a9781446215043 (ebook) :
_cNo price
040 _aStDuBDS
_beng
_cStDuBDS
_epn
049 _aAlfaisal Main Library
050 0 _aLB41
_b.E3415 2003
082 0 4 _a370.71
_223
245 0 0 _aEducation studies
_h[electronic resource] :
_bessential issues /
_cedited by Steve Bartlett and Diana Burton.
260 _aLondon :
_bSAGE,
_c2003.
300 _a1 online resource (ix, 275 p.)
504 _aIncludes bibliographical references and index.
520 8 _aThis text provides an overview of current theoretical issues areas of study and major themes that are covered in Education Studies programmes.
521 _aSpecialized.
588 _aDescription based on print version record.
650 0 _aEducation
_xStudy and teaching.
655 7 _aElectronic books.
_2local
700 1 _aBartlett, Steve.
700 1 _aBurton, Diana
_q(Diana M.)
710 2 _aSage eBooks
776 0 8 _iPrint version :
_z9780761940500
856 4 0 _uhttp://ezproxy.alfaisal.edu/login?url=http://sk.sagepub.com/books/education-studies
942 _2lcc
_cEBOOKS
999 _c479586
_d479586